Geometry Dash Shards - Statistics

General Stats
  • This quiz has been taken 25 times
  • The average score is 10 of 12
Answer Stats
Shards % Correct
Fire
100%
Ice
91%
Poison
91%
Blood
86%
Earth
86%
Light
86%
Lava
82%
Shadow
82%
Bonus Unlocks
73%
Bonus Unlocks
73%
Metal
73%
Soul
68%
No matching quizzes found
Score Distribution
Percent of People with Each Score
Percentile by Number Answered
Your Score History
You have not taken this quiz